| 000 | 00355nam a22001217a 4500 | ||
|---|---|---|---|
| 008 | 181129b xxu||||| |||| 00| 0 eng d | ||
| 041 | _aeng | ||
| 080 | _a043.3 | ||
| 100 | _a0 | ||
| 101 | _aMTH-SHKI | ||
| 245 |
_aPlani dhe strategjia për ofrimin e shërbimeve elektronike në qeverisjen lokale të Republikës së Kosovës _cBerisha,P |
||
| 942 |
_2udc _cBK |
||
| 999 |
_c52654 _d52654 |
||